Land vs. Land #88 - Statistiken

Allgemein
  • Dieses Quiz wurde 14 mal gespielt
  • Das Durchschnittsergebnis liegt bei 10 aus 14
Antwortstatistiken
Frage Antwort % Korrekt
...Exportmengen? Nicaragua🇳🇮
100%
...Bruttoinlandsprodukt? Nicaragua🇳🇮
86%
...Tourismus? Nicaragua🇳🇮
86%
...Gesundheitswesen? Nicaragua🇳🇮
86%
...Gewinner? Nicaragua🇳🇮
86%
...Fläche? Nicaragua🇳🇮
79%
...Happy Planet Index? Nicaragua🇳🇮
79%
...Lebenserwartung? Nicaragua🇳🇮
79%
...Bruttoinlandsprodukt pro Kopf? Nicaragua🇳🇮
71%
...Militär? Nicaragua🇳🇮
71%
...HDI (Human Development Index)? Nicaragua🇳🇮
71%
...Frieden? Nicaragua🇳🇮
71%
...Einwohner? Togo🇹🇬
43%
...durchschnittlicher IQ? Togo🇹🇬
21%
Keine übereinstimmenden Quizze gefunden
Verteilung der Resultate
Anzahl Personen mit jedem Resultat
Perzentil nach korrekt beantworteten Fragen
Ihre Resultats-Entwicklung
Sie haben dieses Quiz noch nicht gespielt